When is the right time for rights of light (Record no. 83939)

MARC details
000 -LEADER
fixed length control field 00911cab a22002295a 4500
001 - CONTROL NUMBER
control field L155988
008 - FIXED-LENGTH DATA ELEMENTS--GENERAL INFORMATION
fixed length control field 120424e20120414xxk 000 0 eng d
035 ## - SYSTEM CONTROL NUMBER
System control number (Sirsi) u155988
041 0# - LANGUAGE CODE
Language code of text/sound track or separate title eng
050 ## - LIBRARY OF CONGRESS CALL NUMBER
Classification number 346.410435 $2 18
100 1# - MAIN ENTRY--PERSONAL NAME
Personal name Oldfield, Alison
245 00 - TITLE STATEMENT
Title When is the right time for rights of light
260 ## - PUBLICATION, DISTRIBUTION, ETC.
Date of publication, distribution, etc. 2012
490 ## - SERIES STATEMENT
Series statement Estates Gazette
Volume/sequential designation (1215) 14 April 2012, 88-90(3)
520 ## - SUMMARY, ETC.
Summary, etc. A series of cases in recent years have considered the circumstances in which a neighbouring landowner can obtain an injunction to protect their rights of light. One of the remedies available in these cases is a quia timet injunction to prevent the obstruction but there must be an immediate threat of interference by the developer.
590 ## - LOCAL NOTE (RLIN)
Local note KA
651 #4 - SUBJECT ADDED ENTRY--GEOGRAPHIC NAME
Geographic name ENGLAND AND WALES
690 ## - LOCAL SUBJECT ADDED ENTRY--TOPICAL TERM (OCLC, RLIN)
Topical term or geographic name as entry element RIGHTS TO LIGHT
690 ## - LOCAL SUBJECT ADDED ENTRY--TOPICAL TERM (OCLC, RLIN)
Topical term or geographic name as entry element Property management
9 (RLIN) 6262
700 1# - ADDED ENTRY--PERSONAL NAME
Personal name Wells, Emma
942 ## - ADDED ENTRY ELEMENTS (KOHA)
Suppress in OPAC 0
Holdings
Withdrawn status Lost status Source of classification or shelving scheme Damaged status Not for loan Home library Current library Shelving location Date acquired Total Checkouts Full call number Barcode Date last seen Copy number Price effective from Koha item type
    Dewey Decimal Classification     London London Journal article 24/04/2012   L155988 155988-1001 06/08/2019 1 06/08/2019 Journal article